Les villes les plus peuplées d'Europe commençant par G - Statistiques

Statistiques générales
  • Ce quiz a été pris 96 fois
  • Le résultat moyen est 5 sur 10
Statistiques - réponses
Pays Population Villes % Correct
Ecosse 631 000 Glasgow
93%
Italie 558 000 Gênes
86%
Suède 596 000 Goteborg
80%
Belgique 265 000 Gand
72%
Pologne 486 000 Gdansk
67%
Autriche 298 000 Graz
55%
Espagne 269 000 Gijon
33%
Allemagne 260 000 Gelsenkirchen
17%
Pologne 245 000 Gdynia
7%
Russie 338 000 Grozny
7%
Aucun quiz correspondant
Distribution des résultats
% des personnes avec chaque résultat
Percentile par nombre de réponses
Votre historique - résultats
Vous n’avez pas pris ce quiz